| 000 | 00583nam a2200169Ia 4500 | ||
|---|---|---|---|
| 999 |
_c7953 _d7953 |
||
| 003 | OSt | ||
| 005 | 20200130145954.0 | ||
| 008 | 190216s9999||||xx |||||||||||||| ||und|| | ||
| 020 | _a9780070248724 | ||
| 040 | _coclc | ||
| 082 |
_a004.0688 _bVEN/M |
||
| 100 |
_aVenkatesh, K _91439 |
||
| 245 | 0 |
_aMarketing Of Information Technology : Concepts, products, services and intellectual property rights / _cK Venkatesh |
|
| 260 |
_bTata Mcgraw Hill Publishing Company Ltd, _c2013. _aNew Delhi: |
||
| 300 | _a152p | ||
| 942 |
_cBK _2ddc _h004.0688 _iVEN/M _k004.0688 _mVEN/M |
||